| 000 | 00574nam a22001932 4500 | ||
|---|---|---|---|
| 001 | 0000002807 | ||
| 005 | 20170406114521.0 | ||
| 008 | 140407s xx 000 0 eng d | ||
| 020 | _c$ | ||
| 040 |
_aYour Holding Symbol _cYour Holding Symbol |
||
| 100 | 1 | _aRaftopoulos.Brain. | |
| 245 | 1 | 0 |
_aSites of struggle : _bessays in zimbabwe's urban history. |
| 250 | _a ed. | ||
| 260 |
_aZimbabwe : _bFontline electronic publishing, _c1999. |
||
| 300 |
_a278 p. ; _c cm. |
||
| 504 | _abibliography. | ||
| 650 | 0 | _azimbabwe urban history. | |
| 908 | _a140407 | ||
| 999 |
_c2692 _d2692 |
||